00464 2200181 4500001002100000005001500021035002000036008004100056245001900097100002800116260003500144300001300179084001700192082001100209650001600220600002000236990002600256INLIS00000000000023320231012034826 a0010-0823000233231012 0 ind 1 aFadzilat Salat aRaisul Muhaddisin Alama aPulau Pinang :bYa'qoob Ansari a116 hlm. a2x4. 1 ALL f a2x4. 1 4aKisah-Kisah 4aKumpulan Hadist a0783/STITINKA/01/2023